000 01693nam a2200409 c 4500
003 BLK
005 20241029120040.0
008 180408b bul|||||r ||||||| ||bul||
010 _aKNG00070798000
020 _a978-954-340-040-9
_bиздат.: Ню медиа груп
040 _aBLK
041 _aBUL
_cBUL
080 _a
_b343.22/.23
_x(497.2)
_z343.22/.23(497.2)
080 _aПолитическо преследване. Терористични действия. Тероризъм - Атентати, политически убийства. Вж и 343.1 ; 343.3/.7
_b323.28
_x(497.2)
_z323.28(497.2)
100 1 _aЗлатков, Димитър
_eпърви автор
_9292979
139 _aЗлатков, Димитър
_bЗ 73
245 1 0 _aСмъртта на големите босове
_cДимитър Златков.
257 _aBGR
260 София
_bНю медиа груп
_c2007
300 _a359 с.
_bс ил.
_c21 см
380 _a3
500 _aОфс. изд.
650 4 _aУбийства - България
_9256117
650 4 _aПрестъпления и престъпници - България
_9271494
650 4 _aПолитически убийства - България
_9258996
651 4 _aБългария
_9241624
653 _aубийства
653 _aпрестъпност
653 _aпрестъпници
653 _aполитически убийства
852 _aЦб 230870
856 4 _qpdf
_u
856 4 _qpdf
_u
942 _cKNG
_n0
_03
944 _aCR
_c25.01.2007
_lМинев Младен
_k30530
944 _aED
_c21.11.2014
_lф /
_kЛюдмила_Стоянова
999 _c66500
_d66500